000 01356nam a2200241Ia 4500
003 Ost
005 20260507075650.0
008 260507s9999||||xx |||||||||||||| ||und||
020 _a53882872879
040 _cfsecg
041 _aara
082 _a5.262
100 _aبسيوني، عبد الحميد
_eمؤلف
245 0 _aالبرمجة بلغة التجميع /
_c عبد الحميد بسيوني
260 _aالقاهرة:
_bدار الكتب العلمية للنشر والتوزيع,
_c2004
300 _a607 صفحة؛
_bإيضاحات ؛
_c25 سم
504 _aالمراجع ص.587
520 _aتمهيد البرمجة بلغة التجميع- العتاد والبرمجة- برنامج المصحح- تعريف ونقل البيانات- تحكم البرامج- معالجة الشاشة ولوحة المفاتيح- المعالجة المتقدمة للشاشة- السلاسل والجداول-العمليات الحسابية- تنظيم تخزين الاقراص- الطباعة ومعالجة الفأرة- الماكرو والربط مع البرامج الفرعية- إدارة ذاكرة نظام دوس- العوامل والتوجيهات- التعليمات.
653 _aالبرمجيات
653 _aالحاسبات الإلكترونية
653 _aلغات التجميع
942 _cكتاب
999 _c45574
_d45574